| 000 | 01168nam a22001937a 4500 | ||
|---|---|---|---|
| 999 |
_c62869 _d62869 |
||
| 003 | Ge_BSU | ||
| 005 | 20250312174312.0 | ||
| 008 | 250312s1981 ge ||||| |||| 00| 0 geo d | ||
| 041 | _ageo | ||
| 080 | _a616.14-007.64 ჩ-36 | ||
| 100 |
_aჩახუნაშვილი, ს. _924541 |
||
| 245 |
_aქვემო კიდურების ვენების ვარიკოზული გაგანიერება : _b(პროფილაქტიკა და მკურნალობა) / _cს. ჩახუნაშვილი; საქ. სსრ წითელი ჯვრის საზ-ბის ცკ. საქ. სსრ ჯანდაცვის სამინისტრო. სანგანათლ. რესპ. სახლი. |
||
| 264 |
_aთბ. : _b საბჭ. საქართველო, _c1981. |
||
| 300 |
_a24გვ. : _bილ. ; _c19სმ. |
||
| 653 | _aვენების ვარიკოზული გაგანიერება | ||
| 653 | _aმედიცინა | ||
| 700 |
_aჩახუნაშვილი, ო. _eავტორი _923433 |
||
| 942 |
_2udc _cᲬᲘᲒᲜᲘ |
||